Invincible VS: Playable Characters by Picture - Statistics

General Stats
  • This quiz has been taken 78 times
  • The average score is 16 of 18
Answer Stats
Picture Answer % Correct
Allen the Alien
100%
Atom Eve
98%
Anissa
97%
Battle Beast
97%
Cecil Stedman
97%
Conquest
95%
Dupli-Kate
95%
Bulletproof
92%
Invincible
91%
Lucan
91%
Omni-Man
91%
Rex Splode
91%
Robot
91%
Monster Girl
88%
Powerplex
84%
Thula
77%
Titan
73%
Ella Mental
50%
No matching quizzes found
Score Distribution
Percent of People with Each Score
Percentile by Number Answered
Your Score History
You have not taken this quiz